<L'> influence des éléments visuels sur le comportement des consommateurs diplomová práca

Saved in:
Bibliographic Details
Main Author: Vöröšová, Alexandra
Corporate Author: Ekonomická univerzita v Bratislave. Ústav medzinárodných programov
Other Authors: Kita, Pavol
Format: Book
Language:French
Published: Bratislava 2015
Tags: Add Tag
No Tags, Be the first to tag this record!

MARC

LEADER 00000nbm a2200000 4500
001 0208917
005 20161121123331.4
041 0 |a fre 
044 |a SK 
245 1 0 |a <L'> influence des éléments visuels sur le comportement des consommateurs  |b diplomová práca  |c Alexandra Vöröšová ; školiteľ: Pavol Kita 
264 1 |a Bratislava  |c 2015 
300 |a 78 s. 
100 1 |a Vöröšová, Alexandra 
700 1 |a Kita, Pavol 
710 2 |a Ekonomická univerzita v Bratislave. Ústav medzinárodných programov